100 mots en 1 minute 30 - Statistiques

Statistiques générales
  • Ce quiz a été pris 469 fois
  • Le résultat moyen est 46 sur 100
Statistiques - réponses
Hint Réponse % Correct
L'été L'été
100%
est est
99%
idéale idéale
99%
la la
99%
saison saison
99%
explorer explorer
98%
pour pour
98%
de de
97%
nouveaux nouveaux
97%
horizons. horizons.
96%
Les les
96%
longues longues
96%
journées journées
95%
offrent offrent
93%
ensoleillées ensoleillées
92%
l'occasion l'occasion
91%
parfaite parfaite
91%
pour pour
91%
en en
90%
partir partir
90%
à à
88%
les les
87%
randonnée randonnée
87%
travers travers
87%
montagnes montagnes
86%
ou ou
86%
se se
86%
détendre détendre
85%
sur sur
84%
une une
83%
plage plage
82%
paisible. paisible.
81%
Les les
80%
de de
78%
festivals festivals
78%
et et
75%
musique musique
75%
les les
74%
marchés marchés
71%
en en
68%
plein plein
66%
air air
65%
animent animent
62%
les les
61%
villes, villes,
59%
offrant offrant
57%
une une
55%
variété variété
53%
d'activités d'activités
46%
culturelles culturelles
44%
et et
42%
gastronnomiques. gastronomiques.
32%
C'est c'est
30%
aussi aussi
29%
le le
29%
moment moment
26%
idéal idéal
25%
pour pour
24%
savourer savourer
23%
des des
22%
fruits fruits
21%
et et
15%
frais frais
15%
des des
14%
du du
13%
légumes légumes
13%
jardin. jardin.
11%
Que que
9%
ce ce
8%
en en
8%
soit soit
8%
à à
6%
voyageant voyageant
6%
en en
4%
l'étranger l'étranger
4%
ou ou
4%
découvrant découvrant
3%
les les
3%
cachés cachés
2%
de de
2%
trésors trésors
2%
aventures aventures
1%
des des
1%
l'été l'été
1%
promet promet
1%
propre propre
1%
région région,
1%
sa sa
1%
belles belles
0%
créez créez
0%
de de
0%
des des
0%
et et
0%
et et
0%
histoires. histoires.
0%
inoubliables inoubliables
0%
pleinement pleinement
0%
précieux. précieux.
0%
Profitez-en profitez-en
0%
souvenirs souvenirs
0%
Aucun quiz correspondant
Distribution des résultats
% des personnes avec chaque résultat
Percentile par nombre de réponses
Votre historique - résultats
Vous n’avez pas pris ce quiz